LEADER 00916nam0-22003011i-450- 001 990001739200403321 005 20070614130242.0 035 $a000173920 035 $aFED01000173920 035 $a(Aleph)000173920FED01 035 $a000173920 100 $a20030910f19201929km-y0itay50------ba 101 0 $aita 102 $aIT 200 1 $aAfrica$eAfrica Orientale$ecarta dimostrativa fisico-politica costruita redatta e disegnata da A. Dardano$fa cura del Ministero della Colonie. Servizio cartografico 210 $aRoma$cMinistero delle Colonie$d[192.] 215 $a4 carte geogr. 610 0 $aCarte geografiche 610 0 $aAfrica orientale 676 $a916 700 1$aDardano,$bAchille$f<1870-1938>$075330 801 0$aIT$bUNINA$gRICA$2UNIMARC 901 $aBK 912 $a990001739200403321 952 $a60 916 A 2$b18356$fFAGBC 959 $aFAGBC 996 $aAfrica$9364538 997 $aUNINA LEADER 01054cam a2200277 i 4500 001 991002310789707536 008 131021s2013 fr a 001 0 fre d 020 $a9782294715228 035 $ab14154146-39ule_inst 040 $aBibl. Dip.le Aggr. Matematica e Fisica - Sez. Fisica$beng 082 00$a617.7/62$219 084 $aLC RE992.O7 084 $a617.7 100 1 $aClenet, Marie-France$0479082 245 10$aGuide de l'orthoptie /$cMarie-France Clenet, Christiane Hervault 260 $aParis :$bElsevier Masson,$c2013 300 $a328 p. :$bill. ;$c27 cm 500 $aIncludes index 650 0$aOrthoptics$xHandbooks, manuals, etc. 700 1 $aHervault, Christiane$eauthor$4http://id.loc.gov/vocabulary/relators/aut$0732534 907 $a.b14154146$b10-11-14$c21-10-13 912 $a991002310789707536 945 $aLE006 617.7 CLE$g1$i2006000171458$lle006$op$pE59.00$q-$rl$s- $t0$u1$v0$w1$x0$y.i15642240$z10-11-14 996 $aGuide de l'orthoptie$91443284 997 $aUNISALENTO 998 $ale006$b21-10-13$cm$da $e-$ffre$gfr $h0$i0 LEADER 01783nam 2200577 a 450 001 9910780445503321 005 20230617010839.0 010 $a0-8135-6640-1 010 $a9780813535379 010 $a0-8135-3537-9 035 $a(CKB)111090529149006 035 $a(OCoLC)70722073 035 $a(CaPaEBR)ebrary10075365 035 $a(SSID)ssj0000110911 035 $a(PQKBManifestationID)11137856 035 $a(PQKBTitleCode)TC0000110911 035 $a(PQKBWorkID)10074349 035 $a(PQKB)10221811 035 $a(MiAaPQ)EBC3032113 035 $a(Au-PeEL)EBL3032113 035 $a(CaPaEBR)ebr10075365 035 $a(OCoLC)54961544 035 $a(EXLCZ)99111090529149006 100 $a20030422d2004 ub 0 101 0 $aeng 135 $aurcn||||||||| 181 $ctxt 182 $cc 183 $acr 200 10$aBeyond flesh$b[electronic resource] $equeer masculinities and nationalism in Israeli cinema /$fRaz Yosef 210 $aNew Brunswick, N.J. $cRutgers University Press$dc2004 215 $a1 online resource (216 p.) 300 $aBibliographic Level Mode of Issuance: Monograph 311 $a0-8135-3375-9 320 $aIncludes bibliographical references (p. 173-189) and index. 320 $aFilmography: p. 191-192. 606 $aMotion pictures$zIsrael 606 $aMasculinity in motion pictures 606 $aHomosexuality in motion pictures 615 0$aMotion pictures 615 0$aMasculinity in motion pictures. 615 0$aHomosexuality in motion pictures. 676 $a791.43/653 700 $aYosef$b Raz$f1967-$0904111 801 0$bMiAaPQ 801 1$bMiAaPQ 801 2$bMiAaPQ 906 $aBOOK 912 $a9910780445503321 996 $aBeyond flesh$93706394 997 $aUNINA